书目信息 |
| 题名: |
孔子庙祀典研究
|
|
| 作者: | 孔喆 著 | |
| 分册: | ||
| 出版信息: | 青岛 青岛出版社 2019.04 |
|
| 页数: | 435页 | |
| 开本: | 25cm | |
| 丛书名: | ||
| 单 册: | ||
| 中图分类: | K892.98 | |
| 科图分类: | ||
| 主题词: | 孔庙--kong miao--祭礼--研究--中国 | |
| 电子资源: | ||
| ISBN: | 978-7-5552-8273-0 | |
| 000 | 01017nam0 2200241 450 | |
| 001 | CAL 0120192874488 | |
| 005 | 20230217093113.0 | |
| 010 | @a978-7-5552-8273-0@b精装@dCNY98.00 | |
| 100 | @a20200312d2019 em y0chiy0120 ea | |
| 101 | 0 | @achi |
| 102 | @aCN@b370000 | |
| 105 | @aac a 000yy | |
| 106 | @ar | |
| 200 | 1 | @a孔子庙祀典研究@Akong zi miao si dian yan jiu@f孔喆著 |
| 210 | @a青岛@c青岛出版社@d2019.04 | |
| 215 | @a435页@c图, 肖像@d25cm | |
| 320 | @a有书目 | |
| 330 | @a作为儒家文化最具代表性的物化象征, 孔子庙在传承传统文化方面具有不可替代的作用。本书从孔子庙奉祀、祭祀制度入手, 详细梳理、介绍了历朝历代孔子庙奉祀、祭祀制度的发展演变, 着重挖掘了制度折射出的中国礼乐文化、乐舞文化的发展历程, 从政治内涵、文化意蕴等方面揭示了孔子庙祀典制度涵盖的理论价值。这对于更好地传承与弘扬中华优秀传统文化具有重要的当代价值与现实意义。 | |
| 606 | 0 | @a孔庙@Akong miao@x祭礼@x研究@y中国 |
| 690 | @aK892.98@v5 | |
| 701 | 0 | @a孔喆@Akong zhe@4著 |
| 801 | 0 | @aCN@bBJXHZP@c20230228 |
| 905 | @b1405717-20@dK892.98@e410@f4 | |
| 孔子庙祀典研究/孔喆著.-青岛:青岛出版社,2019.04 |
| 435页:图, 肖像;25cm |
| ISBN 978-7-5552-8273-0(精装):CNY98.00 |
| 作为儒家文化最具代表性的物化象征, 孔子庙在传承传统文化方面具有不可替代的作用。本书从孔子庙奉祀、祭祀制度入手, 详细梳理、介绍了历朝历代孔子庙奉祀、祭祀制度的发展演变, 着重挖掘了制度折射出的中国礼乐文化、乐舞文化的发展历程, 从政治内涵、文化意蕴等方面揭示了孔子庙祀典制度涵盖的理论价值。这对于更好地传承与弘扬中华优秀传统文化具有重要的当代价值与现实意义。 |
| ● |
| 相关链接 |
|
|
|
|
正题名:孔子庙祀典研究
索取号:K892.98/410
 
预约/预借
| 序号 | 登录号 | 条形码 | 馆藏地/架位号 | 状态 | 备注 |
| 1 | 1405717 | 214057170 | 第二样本阅览室/ [索取号:K892.98/410] | 在馆 | |
| 2 | 1405718 | 214057189 | 第二借阅区/ [索取号:K892.98/410] | 在馆 | |
| 3 | 1405719 | 214057198 | 第二借阅区/ [索取号:K892.98/410] | 在馆 | |
| 4 | 1405720 | 214057205 | 第二借阅区/ [索取号:K892.98/410] | 在馆 |